| 000 | 00643nam a2200181Ia 4500 | ||
|---|---|---|---|
| 008 | 151018s9999 xx 000 0 und d | ||
| 082 |
_bRBASDV3032 _a891.463 |
||
| 100 | _aहरी नारायण आपटे | ||
| 245 | _aकेवळ स्वराज्यासाठी | ||
| 250 | _b2 | ||
| 260 |
_bपटवर्धन अ वि _c1921 |
||
| 300 | _a360 | ||
| 600 | _aहरी नारायण आपटे | ||
| 630 | _aकेवळ स्वराज्यासाठी | ||
| 700 | _aहरी नारायण आपटे | ||
| 730 | _aकेवळ स्वराज्यासाठी | ||
| 942 | _cBOOK | ||
| 999 |
_c1005446 _d1005443 |
||